00695nam a2200241 a 4500001001300000003000900013005001700022008004100039020001000080082001300090100002500103245004600128260002900174300000900203500003500212505001000247650002800257700002500285902000800310942000700318952011300325999001500438nice12345678IN_TiNIC20260116011633.0050524s1961 lona grp 000 0 eng  ac10000a242bDIE aDietrich, Suzanne De aFree Menb Meditations on the Bible Today aLondonbScm Press c1961 a127p aincludes index and biblioraphy2 aIndex aMeditation-Christianity1 aDietrich, Suzanne De bSRS cBK 001040708StackRoom-aHMIbHMId2007-06-29g100.00l0o242 DIEp05229r2007-06-29v100.00w2005-05-24yBK c3033d3033